| 000 | 01215nam a22003017a 4500 | ||
|---|---|---|---|
| 001 | 7807 | ||
| 003 | FISKH | ||
| 005 | 20250811090528.0 | ||
| 008 | 250811b cb ||||| |||| 00| 0 eng d | ||
| 040 |
_aFISKH _beng _cFISKH _dFISKH |
||
| 050 | _aPZ7 | ||
| 082 | _a823.92 | ||
| 100 | _aPunter, Russell | ||
| 245 |
_aAndrocles and the lion / _cBased on a story by Aesop ; Retold by Russell Punter ; Illustrated by Mike and Carl Gordon ; Reading Consultant: Alison Kelly ; Roehampton University |
||
| 250 | _aThis edition first published in 2008 | ||
| 260 |
_aLondon : _bUsborne, _c2008 |
||
| 300 |
_a47 pages : _bcolor illustrations ; _c20 cm |
||
| 505 | _aJ | ||
| 520 | _aOne day Androcles comes across an angry lion. But what's that? The lion has a thorn stuck in its paw and Androcles soon makes a new friend. This is one in a series of books developed in consultation with Alison Kelly, an early reading specialist at Roehampton University. | ||
| 521 | 8 |
_a480
_bLexile |
|
| 521 | 8 |
_aJ
_bRaz-Plus |
|
| 650 |
_2Vocabulary _aEngels |
||
| 650 |
_2Teacher resource _aFairy tales |
||
| 700 |
_aGordon, Carl _dillustrator |
||
| 700 |
_aMike, Carl _dillustrator |
||
| 942 |
_2ddc _cBK _n0 |
||
| 999 |
_c7807 _d7807 |
||